| 000 | 00998cam a2200229 a 4500 | ||
|---|---|---|---|
| 001 | 2530454 | ||
| 005 | 20160809160106.0 | ||
| 008 | 930506s1993 enka b 000 0 eng | ||
| 020 | _a1853391034 | ||
| 020 | _a9781853391033 | ||
| 082 | 0 | 0 |
_a621.31 _222 _bHAR |
| 100 | 1 |
_aHarvey, Adam. _931178 |
|
| 245 | 1 | 0 |
_aMicro-Hydro Design Manual : _ba Guide to Small-Scale Water Power Schemes / _cby Adam Harvey ; with Andy Brown, Priyantha Hettiarachi, and Allen Inversin. |
| 260 |
_aLondon : _bIntermediate Technology Publications, _c1993. |
||
| 300 |
_a374 p. : _bill. ; _c30 cm. |
||
| 504 | _aIncludes bibliographical references (p. 361-364). | ||
| 650 | 0 |
_aHydroelectric power plants _zDeveloping countries _xDesign and construction. _931179 |
|
| 653 |
_bEle _cOctober2012 |
||
| 650 | 0 |
_931180 _aSmall power production facilities _zDeveloping countries _xDesign and construction. |
|
| 942 |
_2ddc _cBB |
||
| 999 |
_c17075 _d17047 |
||